<?xml version="1.0" encoding="UTF-8"?>
<record
    xmlns:xsi="http://www.w3.org/2001/XMLSchema-instance"
    xsi:schemaLocation="http://www.loc.gov/MARC21/slim http://www.loc.gov/standards/marcxml/schema/MARC21slim.xsd"
    xmlns="http://www.loc.gov/MARC21/slim">

  <leader>02143    a2200241   4500</leader>
  <controlfield tag="001">43888</controlfield>
  <controlfield tag="005">20260407155720.0</controlfield>
  <controlfield tag="008">260407a2008    arg                 spa d</controlfield>
  <controlfield tag="003">AR-UNSa-BCEJYS</controlfield>
  <datafield tag="040" ind1=" " ind2=" ">
    <subfield code="a">AR-UNSa-BCEJYS</subfield>
    <subfield code="b">spa</subfield>
    <subfield code="c">AR-UNSa-BCEJYS</subfield>
  </datafield>
  <datafield tag="080" ind1=" " ind2=" ">
    <subfield code="a">338(4)</subfield>
    <subfield code="x">Situaci&#xF3;n econ&#xF3;mica de Europa. Pol&#xED;tica econ&#xF3;mica. Gesti&#xF3;n de la econom&#xED;a. Planificaci&#xF3;n de la econom&#xED;a. Producci&#xF3;n. Servicios. Precios</subfield>
  </datafield>
  <datafield tag="245" ind1="1" ind2="0">
    <subfield code="a">Ensayos de persuasi&#xF3;n</subfield>
  </datafield>
  <datafield tag="020" ind1=" " ind2=" ">
    <subfield code="a">978-84-9756-612-4</subfield>
  </datafield>
  <datafield tag="264" ind1=" " ind2="1">
    <subfield code="a">Madrid :</subfield>
    <subfield code="b">Fundaci&#xF3;n ICO</subfield>
    <subfield code="c">2008</subfield>
  </datafield>
  <datafield tag="300" ind1=" " ind2=" ">
    <subfield code="a">422 p.</subfield>
    <subfield code="c">22 cm.</subfield>
  </datafield>
  <datafield tag="505" ind1=" " ind2=" ">
    <subfield code="a">1. Par&#xED;s (1919) - 2. La capacidad de Alemania para pagar reparaciones (1919) - 3. Propuestas para la reconstrucci&#xF3;n de Europa (1919) - 4. El cambio de la opini&#xF3;n p&#xFA;blica (1921) - 5. Las deudas de guerra y los Estados Unidos (1921, 1925, 1928) - 6. Inflaci&#xF3;n (1919) - 7. Consecuencias sociales de los cambios en el valor del dinero (1923) - 8. El franco franc&#xE9;s (1926, 1928) - 9. &#xBF;Puede hacerlo Lloyd George? (1929) - 10. La gran depresi&#xF3;n de 1930 (diciembre de 1930) - 11. Econom&#xED;a (1931) - 12. Consecuencias del hundimiento de los valores monetarios en el sistema bancario (agosto 1931) - 13. "Auri sacra fames" (septiembre de 1930) - 14. Fines alternativos de la polic&#xED;a monetaria (1923) - 15. Sugerencias positivas para la futura regulaci&#xF3;n del dinero (1923) - 16. Los discursos de los presidentes de la banca (1924, 1925, 1927) - 17. Las consecuencias econ&#xF3;micas de Churchill (1925) - 18. Mitigaci&#xF3;n por medio del arancel (1931) - 19. El final del patr&#xF3;n oro (27 de septiembre de 1931) - 20. Breve panorama de Rusia (1925) - 21. El fin del "laissez-faire" (1926) - 22. &#xBF;Soy un liberal? (1925) - 23. Liberalismo y laborismo (1926) - 24. Clissold (1927) - 25. Las posibilidades econ&#xF3;micas de nuestros nietos (1930) - 26. Los medios para la prosperidad (1933) - 27. C&#xF3;mo pagar la guerra (1940) </subfield>
  </datafield>
  <datafield tag="041" ind1=" " ind2=" ">
    <subfield code="a">spa</subfield>
  </datafield>
  <datafield tag="942" ind1=" " ind2=" ">
    <subfield code="c">BK</subfield>
  </datafield>
  <datafield tag="590" ind1=" " ind2=" ">
    <subfield code="a">niveau_biblio:m niveau_hierar:0</subfield>
  </datafield>
  <datafield tag="100" ind1="1" ind2=" ">
    <subfield code="a">Pascual, Jordi</subfield>
  </datafield>
  <datafield tag="700" ind1="1" ind2=" ">
    <subfield code="a">Keynes, John Maynard</subfield>
  </datafield>
  <datafield tag="856" ind1="4" ind2="1">
    <subfield code="u">https://biblioeco.unsa.edu.ar/pmb/images/libros/L126836.jpg</subfield>
    <subfield code="y">Imagen de portada</subfield>
    <subfield code="q">image/jpeg</subfield>
  </datafield>
  <datafield tag="999" ind1=" " ind2=" ">
    <subfield code="c">3745</subfield>
    <subfield code="d">3745</subfield>
  </datafield>
  <datafield tag="952" ind1=" " ind2=" ">
    <subfield code="0">0</subfield>
    <subfield code="1">0</subfield>
    <subfield code="4">0</subfield>
    <subfield code="7">0</subfield>
    <subfield code="a">BCEJYS</subfield>
    <subfield code="b">BCEJYS</subfield>
    <subfield code="c">16</subfield>
    <subfield code="d">2026-04-07</subfield>
    <subfield code="l">0</subfield>
    <subfield code="o">338(4) K44</subfield>
    <subfield code="p">L126836</subfield>
    <subfield code="r">2026-04-07 15:57:20</subfield>
    <subfield code="w">2026-04-07</subfield>
    <subfield code="y">L</subfield>
  </datafield>
</record>
